| 000 | 00690nam a2200181 i 4500 | ||
|---|---|---|---|
| 001 | 161614 | ||
| 003 | ES-MaACL | ||
| 005 | 20230906212326.0 | ||
| 008 | 990211s1899 po ad |||| | por d | ||
| 040 |
_aCCPB | B _bspa _cCCPB | B |
||
| 100 | 1 |
_aPegado, Luiz Porfirio da Motta. _9130934 |
|
| 245 | 1 | 0 |
_aCurso de geometria descriptiva da Escola Polytechnica / _cpor Luiz Porfirio da Motta Pegado. |
| 260 |
_aLisboa : _b[s.n.], _c1899 ( _fTypographia da Academia Real das Sciencias) |
||
| 300 |
_a2 v. ; _c27, 31 cm. |
||
| 505 | 8 | _aContiene: Texto (XLII, 444 p.) -- Atlas (IX, 128 h. de lám.) | |
| 650 | 4 |
_aGeometría descriptiva. _9136182 |
|
| 852 |
_aES-MaACL _jG-5811-5812 _z-- Enc. hol. |
||
| 999 |
_c161614 _d161614 |
||